000 00532nam a22001937a 4500
003 OSt
005 20140310181742.0
008 130323t xxu||||| |||| 00| 0 eng d
020 _a0590373706
050 _aJ PC 516
_bMIL 1998
082 _aJ PC 516
_bMIL 1998
245 _aMeasurement and geometry
_c Marcia Miller and Martin Lee
260 _aNew York :
_bScholastic Professional Books,
_cc1998
300 _a64 p. :
_bill. ;
_c28 cm.
521 _aTeachers
541 _j1
562 _e1
942 _2lcc
_cBK-TR
_kTR
999 _c2810
_d2810